000 00768nam a2200253 i 4500
001 140681
003 ES-MaACL
005 20231021062534.0
007 t|
008 070914s1985 sp ||||1| spa d
020 _a84-7223-221-2
080 _a82-313.1"19"
080 _a82(Weldon, F. 7 V.03=6)
100 1 _aWeldon, Fay.
_9116436
245 1 0 _aVida y amores de una maligna /
_cFay Weldon ; traducción de Manuel Sènz de Heredia.
250 _a[1ª ed.].
260 _aBarcelona :
_bTusquets,
_c1985.
300 _a255 p. ;
_c22 cm.
490 1 _aColección Andanzas ;
_v21
700 0 _aSáenz de Heredia, Manuel.
_9101311
830 0 0 _aColección Andanzas
_v21
_9234359
852 _aES-MaACL
_jL-9129
_bR.110540
999 _c140681
_d140681